000 00271nam a2200109Ia 4500
001 1276662
005 20260417160451.0
008 260417s9999 xx 000 0 und d
020 _a9789944696074
245 0 _aUçan Dalgalar
_cMehmet Atilla
260 _bTudem Yayınları
999 _c1276662
_d1276662